Normal view
MARC view
Entry Término temático
001 - NÚMERO DE CONTROL
- campo de control: 78897
003 - IDENTIFICADOR DEL NÚMERO DE CONTROL
- campo de control: DO-SdBNP
005 - FECHA Y HORA DE LA ÚLTIMA TRANSACCIÓN
- campo de control: 20210617111357.0
008 - DATOS DE LONGITUD FIJA
- campo de control de longitud fija: 210617|| aca||aabn | a|a d
040 ## - FUENTE DE LA CATALOGACIÓN
- Centro catalogador/agencia de origen: DO-SdBNP
- Centro/agencia transcriptor: DO-SdBNP
150 ## - ENCABEZAMIENTO--TÉRMINO DE MATERIA
- Término de materia o nombre geográfico como elemento de entrada: Artes
- Subdivisión geográfica: República Dominicana
- Subdivisión cronológica: Siglo XXI
670 ## - FUENTE DE DATOS ENCONTRADOS
- Cita de la fuente: Work cat.: (DO-SdBNP)49496: Valdez Albizu, Héctor, 1947- 12322, La cultura en el Banco Central : , 2020.
